| 000 | 00736nam a2200241 i 4500 | ||
|---|---|---|---|
| 001 | 88019 | ||
| 003 | ES-MaACL | ||
| 005 | 20250928102044.0 | ||
| 007 | t| | ||
| 008 | 041230s1930 fr ||||1| fre d | ||
| 080 | _a929 Bolivar, Simón | ||
| 100 | 1 |
_aLafond, Georges. _969500 |
|
| 245 | 1 | 3 |
_aLa vie de Simon Bolivar / _cpar Georges Lafond et Gabriel Tersane. |
| 250 | _a9eme ed. | ||
| 260 |
_aParis : _bGallimard, _c1930. |
||
| 300 |
_a305 p., [1] h. de lám. ; _c19 cm. |
||
| 490 | 1 |
_aVies des hommes illustres ; _v53 |
|
| 600 | 1 | 4 |
_aBolívar, Simón, _d1783-1830 _929964 |
| 700 | 1 |
_aTersane, Gabriel. _9142793 |
|
| 830 | 0 |
_aVies des hommes illustres ; _v53 _9182839 |
|
| 852 |
_aES-MaACL _jB-5884 |
||
| 999 |
_c88019 _d88019 |
||